000 00475nam a2200157 i 4500
001 150855
003 ES-MaACL
005 20230906203730.0
007 t|
008 071115s1934 sp ||||1| gao d
100 1 _aCasas, Alvaro de las.
_936183
245 1 0 _aDiario de unha viaxe de nazonalistas
_b: Galeuzca /
_cAlvaro das Casas.
260 _aSantiago [de Compostela :
_bs.n.],
_c1934 (
_fImp. do Seminario)
300 _a48 p. ;
_c24 cm.
852 _aES-MaACL
_j1817-F-2
999 _c150855
_d150855